Job hunting for rookies / (Record no. 5432)
[ view plain ]
| 000 -LEADER | |
|---|---|
| fixed length control field | 00543nam a2200193 4500 |
| 001 - CONTROL NUMBER | |
| control field | 6444 |
| 020 ## - INTERNATIONAL STANDARD BOOK NUMBER | |
| Canceled/invalid ISBN | 9780462099569 |
| 100 1# - MAIN ENTRY--PERSONAL NAME | |
| Personal name | Yeung, Rob. |
| 245 10 - TITLE STATEMENT | |
| Title | Job hunting for rookies / |
| Statement of responsibility, etc. | Rob Yeung. |
| 260 ## - PUBLICATION, DISTRIBUTION, ETC. | |
| Place of publication, distribution, etc. | London : |
| Name of publisher, distributor, etc. | Marshall Cavendish Business, |
| Date of publication, distribution, etc. | 2009. |
| 300 ## - PHYSICAL DESCRIPTION | |
| Extent | 176 p, 24 cm. |
| Other physical details | ill. |
| 490 1# - SERIES STATEMENT | |
| Series statement | For rookies |
| 500 ## - GENERAL NOTE | |
| General note | ""From rookie to expert in a week""--Cover. |
| General note | Author's name from back cover. |
| General note | Includes index. |
| 650 #0 - SUBJECT ADDED ENTRY--TOPICAL TERM | |
| Topical term or geographic name entry element | Career development. |
| Topical term or geographic name entry element | Job hunting. |
| 830 #0 - SERIES ADDED ENTRY--UNIFORM TITLE | |
| Uniform title | --For rookies. |
| Withdrawn status | Lost status | Source of classification or shelving scheme | Damaged status | Not for loan | Collection code | Home library | Current library | Shelving location | Date acquired | Serial Enumeration / chronology | Inventory number | Total Checkouts | Full call number | Barcode | Date last seen | Price effective from | Koha item type |
|---|---|---|---|---|---|---|---|---|---|---|---|---|---|---|---|---|---|
| Dewey Decimal Classification | Main TEST | RTC Library | RTC Library | Main opac | 27/11/2018 | 10184 | 650.14 JOB | 30011410 | 27/11/2018 | 27/11/2018 | Main |